All Teams to Ever Play an African Cup of Nations - Soccer - Statistics

General Stats
  • This quiz has been taken 118 times
  • The average score is 34 of 42
Answer Stats
# Top Finish Team % Correct
24 Winner Egypt
99%
18 Winner Algeria
96%
10 Winner South Africa
95%
19 Winner Cameroon
94%
23 Winner Ivory Coast
94%
19 Winner Tunisia
94%
17 Winner Morocco
93%
15 Runner-up Senegal
93%
2 Round 1 Niger
92%
19 Winner DR Congo
89%
22 Winner Ghana
89%
18 Winner Nigeria
89%
7 Winner Republic of Congo
88%
8 Winner Sudan
88%
10 Winner Ethiopia
87%
11 Runner-up Mali
87%
8 Quarters Angola
85%
3 Runner-up Libya
84%
8 Quarters Togo
84%
12 Runner-up Guinea
82%
1 Round 1 Mauritania
81%
17 Winner Zambia
81%
7 Quarters Gabon
80%
6 Round 1 Kenya
80%
1 Quarters Madagascar
80%
4 Round 1 Zimbabwe
78%
2 Round 1 Tanzania
77%
7 Runner-up Uganda
77%
2 Quarters Cape Verde
76%
4 Round 1 Mozambique
76%
11 Runner-up Burkina Faso
75%
2 Round 1 Guinea-Bissau
75%
2 Round 1 Liberia
74%
3 Round 1 Namibia
74%
2 4th place Equatorial Guinea
73%
4 Quarters Benin
72%
1 Round 1 Rwanda
71%
1 Round 1 Botswana
68%
2 Round 1 Malawi
66%
1 Round 1 Burundi
65%
2 Round 1 Sierra Leone
65%
1 Round 1 Mauritius
64%
No matching quizzes found
Score Distribution
Percent of People with Each Score
Percentile by Number Answered
Your Score History
You have not taken this quiz